Reports/recommendations of various committees on public enterprises (Record no. 354865)

000 -LEADER
fixed length control field 00533cam a22001337a 4500
008 - FIXED-LENGTH DATA ELEMENTS--GENERAL INFORMATION
fixed length control field 180718b1990 xxu||||| |||| 00| 0 eng d
082 ## - DEWEY DECIMAL CLASSIFICATION NUMBER
Classification number U6x54 St24r
245 ## - TITLE STATEMENT
Title Reports/recommendations of various committees on public enterprises
Statement of responsibility, etc. by Standing Conference of Public Enterprises, New Delhi
260 ## - PUBLICATION, DISTRIBUTION, ETC.
Place of publication, distribution, etc. Delhi
Name of publisher, distributor, etc. Standing Conference of Public Enterprises
Date of publication, distribution, etc. 1990
300 ## - PHYSICAL DESCRIPTION
Extent 875p.
650 ## - SUBJECT ADDED ENTRY--TOPICAL TERM
Topical term or geographic name entry element Boards and commissions - India
650 ## - SUBJECT ADDED ENTRY--TOPICAL TERM
Topical term or geographic name entry element Government enterprise - India
700 ## - ADDED ENTRY--PERSONAL NAME
Personal name Standing Conference of Public Enterprises, New Delhi
Holdings
Withdrawn status Lost status Damaged status Not for loan Permanent Location Current Location Date acquired Full call number Barcode Date last seen Price effective from Koha item type
        Indian Institute of Public Administration Indian Institute of Public Administration 1993-12-14 U6x54 St24r 65697 2018-07-21 2018-07-21 Book

Powered by Koha